Vui học tiếng Anh: Trau dồi tiếng Anh qua những mẩu truyện cười song ngữ; T1

Guardado en:
Detalles Bibliográficos
Formato: Libro
Lenguaje:Undetermined
Publicado: H. Thanh niên 2004
Materias:
Etiquetas: Agregar Etiqueta
Sin Etiquetas, Sea el primero en etiquetar este registro!
Thư viện lưu trữ: Trung tâm Học liệu Trường Đại học Cần Thơ
LEADER 00579nam a2200193Ia 4500
001 CTU_62540
008 210402s9999 xx 000 0 und d
020 |b 22000 
082 |a 428.64 
082 |b V510/T1 
245 0 |a Vui học tiếng Anh: Trau dồi tiếng Anh qua những mẩu truyện cười song ngữ; T1 
245 0 |c Thanh Châu biên dịch 
260 |a H. 
260 |b Thanh niên 
260 |c 2004 
650 |a english language 
650 |x for foreigners 
904 |i Minh 
980 |a Trung tâm Học liệu Trường Đại học Cần Thơ